The adventures of Huckleberry Finn / Mark Twain
Novela infantil de aventuras, considerada una de las grandes obras estadounidenses en su género. El relato se desarrolla en las cercanías del Río Misisipi, gira en torno a Huck Finn quien decide someterse a una gran aventura, con el propósito de ayudar a su amigo Jim a lograr la libertad y así huir...
Guardado en:
| Hovedforfatter: | |
|---|---|
| Format: | Bog |
| Sprog: | English |
| Udgivet: |
New York, Estados Unidos
Peguin Books
1985
|
| Fag: | |
| Tags: |
Tilføj Tag
Ingen Tags, Vær først til at tagge denne postø!
|
MARC
| LEADER | 00000nam a2200000Ia 4500 | ||
|---|---|---|---|
| 008 | 170316s9999 xx 000 0 eng d | ||
| 040 | |a cru BVZT | ||
| 090 | |a 810 T-24a | ||
| 100 | |a Twain, Mark | ||
| 245 | 4 | |a The adventures of Huckleberry Finn / Mark Twain | |
| 260 | |a New York, Estados Unidos | ||
| 260 | |b Peguin Books | ||
| 260 | |c 1985 | ||
| 300 | |a 394 páginas | ||
| 520 | |a Novela infantil de aventuras, considerada una de las grandes obras estadounidenses en su género. El relato se desarrolla en las cercanías del Río Misisipi, gira en torno a Huck Finn quien decide someterse a una gran aventura, con el propósito de ayudar a su amigo Jim a lograr la libertad y así huir de la esclavitud a la que estaba sometido. La obra escrita en 1884 por el mítico autor Mark Twain, trata temas comunes en esa época como el racismo, la esclavitud, la libertad, la superstición y el sueño de una vida mejor. | ||
| 650 | |a LITERATURA ESTADOUNIDENSE |9 25 | ||
| 650 | |a EN IDIOMA INGLÉS |9 129 | ||
| 650 | |a NOVELA INFANTIL DE AVENTURAS | ||
| 999 | |c 6192 |d 6192 | ||
| 942 | |c 15 D |h 810 T-24a |2 z | ||
